000 00495nam a2200181Ia 4500
005 20250603144815.0
008 250603s9999 xx 000 0 und d
020 _a9783030894078
050 _aHD 38.5 .H65/
100 _aAndreas Holtschulte
245 0 _aDigital supply chain and logistics with iot: practical guide, methods, tools and use case for industry
260 _aSwitzerland
260 _bSpringer
260 _c2022
300 _a248 p
650 _aSwitzerland
942 _cBK
999 _c40008
_d40008